• 首页
  • 本馆介绍
  • 公告通知
  • 最新文献
  • 馆藏检索
  • 电子资源
  • 读者导购
  • 参考咨询
  • 我的图书馆
  • 登录
  • 详细信息显示
  • 放入我的书架
  • 预约/预借图书
  • 作者相关作品
  • 分类相关作品
  • 丛书相关作品
  • 出版社相关作品

书目信息

  • 表格格式
  • 工作单格式
  • 卡片格式
题名:
复变函数论
    
 
作者: ;北京大学数学力学系 编
分册:  
出版信息: 北京   人民教育出版社  1961
页数: 288页
开本: 21cm
丛书名:
单 册:
中图分类: O174.5
科图分类:
主题词: 数学分析
电子资源:
ISBN:
000 00582nam0 2200205 45
001 0405210826
005 20060413083003.85
010    @dCNY0.90
091    @aK13010.1025
100    @a20040521d1961 km y0chiy0120 ea
101 0  @achi
200 1  @a复变函数论@AFu Bian Han Shu Lun@f北京大学数学力学系编@FBei Jing Da Xue Shu Xue Li Xue Xi Bian
210    @a北京@c人民教育出版社@d1961
215    @a288页@d21cm
300    @a高等学校交流讲义
606 0  @a数学分析
690    @aO174.5@v3
711 02 @a北京大学数学力学系@4编
801    @aCN@bPftUser@c20060413
905    @f1@b6509@dO174.5@e10
    
    复变函数论/北京大学数学力学系编.-北京:人民教育出版社,1961
    288页;21cm
    高等学校交流讲义
    
    ISBN :CNY0.90
    
●
相关链接 在E读中查询图书 在五车中查询图书 在当当中查询图书 在豆瓣中查询图书


正题名:复变函数论     索取号:O174.5/10         预约/预借

序号 登录号 条形码 馆藏地/架位号 状态 备注
1 0006509   000421145   第二样本阅览室/ [索取号:O174.5/10] 在馆    
2 0006510   202258074   密集书库/ [索取号:O174.5/10] 在馆    
3 0007786   202258118   密集书库/ [索取号:O174.5/10] 在馆    
唐山师范学院图书馆 欢迎您!
大连网信软件有限公司© 版权所有